|
|
|
|
| LEADER |
01254nam a2200301 a 4500 |
| 001 |
5686 |
| 003 |
BD-DhAAL |
| 005 |
20150312112631.0 |
| 008 |
150312s1998 njua b 001 0 eng |
| 010 |
|
|
|a 97010625
|
| 020 |
|
|
|a 0137417861 (alk. paper)
|
| 040 |
|
|
|a DLC
|c DLC
|d DLC
|d BD-DhAAL
|
| 050 |
0 |
0 |
|a QD33
|b .H65 1998
|
| 082 |
0 |
0 |
|a 540
|2 21
|
| 100 |
1 |
|
|a Hill, John William,
|d 1933-
|9 9478
|
| 245 |
1 |
0 |
|a Chemistry for changing times /
|c John W. Hill.
|
| 250 |
|
|
|a 8th ed. /
|b Doris K. Kolb ; with special contributions by Cynthia S. Hill.
|
| 260 |
|
|
|a Upper Saddle River, NJ :
|b Prentice Hall,
|c c1998.
|
| 300 |
|
|
|a 1 v. (various pagings) :
|b ill. (some col.) ;
|c 26 cm.
|
| 504 |
|
|
|a Includes bibliographical references and index.
|
| 541 |
|
|
|e BD-DhAAL
|
| 650 |
|
0 |
|a Chemistry.
|9 8104
|
| 700 |
1 |
|
|a Kolb, Doris K.
|9 9479
|
| 700 |
1 |
|
|a Hill, Cynthia S.
|9 9480
|
| 942 |
|
|
|2 ddc
|c BK
|
| 999 |
|
|
|c 33995
|d 33995
|
| 952 |
|
|
|0 0
|1 0
|2 ddc
|4 0
|6 540_000000000000000_HIL
|7 0
|9 53055
|a SCL
|b SCL
|c GEN
|d 2015-03-12
|e Gift: The Asia Foundation
|l 0
|o 540 HIL
|p 3020005685
|r 2015-03-12
|t 1
|w 2015-03-12
|y BK
|
| 952 |
|
|
|0 0
|1 0
|2 ddc
|4 0
|6 540_000000000000000_HIL
|7 0
|9 54757
|a SCL
|b SCL
|c GEN
|d 2015-07-05
|e Gift: The Asia Foundation
|l 1
|o 540 HIL
|p 3020005686
|r 2019-05-23
|s 2019-05-16
|t 2
|w 2015-07-05
|y BK
|